000 00838nas a2200289 4500
001 BR2012004006
003 BR-BrBNA
005 20231205120659.0
007 ta
008 230509b bl.|||p| |||| 00| 00por d
040 _aBR-BrBNA
_bpor
_cBiblioteca Nacional de Agricultura
041 _a(Pt)
072 _aJ15
100 1 _aSpricigo, P.C.
100 1 _aFerreira, M.D.
100 1 _aCalbo, A.G.
245 1 _aTurgescência de crisântemos após a colheita utilizando o equipamento Wiltmeter
650 _aCRISÂNTEMO
650 _aPÓS-COLHEITA
650 _aFLOR
650 _aFOLHA
650 _aABSORÇÃO DE ÁGUA
650 _aARMAZENAMENTO
773 0 _tCiência Rural (Brazil)
_xISSN 0103-8478
_g(Feb 2012), v. 42(2) p. 255-260
_wBR2012004006
909 _a202311
_bLúcia
_c55
_dLúcia Elande
942 _2AGRIS
_n0
_cANA
999 _c219737
_d219737